| 000 | 00706cam a22002292 4500 | ||
|---|---|---|---|
| 001 | 0000003932 | ||
| 005 | 20151217145745.0 | ||
| 008 | 070517s xx 000 0 eng d | ||
| 020 |
_a0198503474 : _cKES 3,283 |
||
| 020 | _a0198503466 (pbk.) | ||
| 040 |
_aKABU _cKABU |
||
| 050 | 0 |
_aQD251.2 _b.O74 |
|
| 245 | 1 | 0 |
_aOrganic chemistry / _cJonathan Clayden ... [et al.] |
| 260 |
_aOxford ; _aNew York : _bOxford University Press, _c2001. |
||
| 300 |
_a1512 p. : _bill. (some col.) ; _c28 cm. |
||
| 500 | _aIncludes index. | ||
| 650 | 0 |
_aChemistry, Organic. _@0000154158 |
|
| 700 | 1 |
_aClayden, Jonathan. _@0000154186 |
|
| 908 | _a070517 | ||
| 950 | _@1 | ||
| 999 |
_c2314 _d2314 |
||